Directory of European retailers 1999-2000.

Bibliographic Details
Format: Book
Published: London: Newman Books, 1998.
Edition:20th ed.
Subjects:
LEADER 00480cam a2200169 7i4500
001 0000007390
005 20001011090000.0
020 0 0 |a 0707970040  
022 0 0 |a 00815829 
090 0 0 |a EURO 381.1025   |b DIR 
245 0 0 |a Directory of European retailers 1999-2000. 
250 0 0 |a 20th ed. 
260 0 0 |a London:   |b Newman Books,   |c 1998. 
300 # # |a 594 p. 
650 0 0 |a Retailers --   |x Directories --   |z Europe  
651 0 0 |a Europe  
999 |a B000011099  |b Directories  |c Regions  |e Business Information Centre